Việt Nam và việc thực hiện công ước của Liên Hợp Quốc về luật biển năm 1982 nhằm giải quyết tranh chấp trên biển Đông /

Cac qui đinh lien quan đen viec giai quet tranh chap tren Bien theo cong ươc luat Bien.Viec thưc thi cac qui đinh cua cong ươc luat Bien 1982 nhăm giai quyet tranh chap tren bien đong cua VN.Cac giai phap nang cao hieu qua thuc hien cong ươc luat Bien 1982 cua VN nham giai quyet tranh chap tren bien...

Täydet tiedot

Tallennettuna:
Bibliografiset tiedot
Päätekijä: Nguyễn Thị Vân Anh
Muut tekijät: ThS Tran Thi Ngoc Sương huong dan
Aineistotyyppi: Opinnäyte
Kieli:Vietnamese
Julkaistu: ĐHĐN-Trương ĐH ngoai ngữ, 2012.
Aiheet:
Tagit: Lisää tagi
Ei tageja, Lisää ensimmäinen tagi!
Thư viện lưu trữ: Mạng thư viện Đại học Đà Nẵng
LEADER 01929na a2200373 4500
001 000031590
003 6473
005 20230406092606.0
008 151001s2012 000 vie
040 |a LNN 
041 |a vie 
082 |a 959.73  |b NG-A 
100 |a Nguyễn Thị Vân Anh 
245 0 |a Việt Nam và việc thực hiện công ước của Liên Hợp Quốc về luật biển năm 1982 nhằm giải quyết tranh chấp trên biển Đông /  |c Nguyễn Thị Vân Anh. 
246 |a Luan văn tot nghiep 
260 |b ĐHĐN-Trương ĐH ngoai ngữ,  |c 2012. 
300 |a 30cm :  |b 58 tr;. 
502 |a Luan văn sinh vien 
505 |a Chuyen nghanh Quoc te hoc 
520 |a Cac qui đinh lien quan đen viec giai quet tranh chap tren Bien theo cong ươc luat Bien.Viec thưc thi cac qui đinh cua cong ươc luat Bien 1982 nhăm giai quyet tranh chap tren bien đong cua VN.Cac giai phap nang cao hieu qua thuc hien cong ươc luat Bien 1982 cua VN nham giai quyet tranh chap tren bien Đong. 
650 |a Lien hơp quoc ve luat Bien  |b Giai quyet tranh chap Bien Đong  |c Viet nam 
653 |a Việt Nam và việc thực hiện công ước của Liên Hợp Quốc về luật biển năm 1982 nhằm giải quyết tranh chấp trên biển Đông, xã hội, đối ngoại, biển đông,Nguyễn Thị Vân Anh,2012 
700 |a ThS Tran Thi Ngoc Sương  |b huong dan 
852 |b Luan văn tot nghiep  |c SV Khoa Quoc te hoc 
OWN |a LNN 
AVA |a UDN50  |b LNN  |d 959.73 NG-A  |e available  |t Error 5001 Not defined in file expand_doc_bib_avail.  |f 2  |g 0  |h N  |i 0 
999 |a From the UDN01 
AVA |a UDN50  |b LNN  |d 959.73 NG-A  |e available  |t Error 5001 Not defined in file expand_doc_bib_avail.  |f 2  |g 0  |h N  |i 0 
TYP |a Dissertation 
TYP |a Printed language 
980 |a Mạng thư viện Đại học Đà Nẵng